000 00458nmm a2200157Ia 4500
008 251105s9999||||xx |||||||||||||||||und||
020 _a9789587713718
041 _aspa
100 _aMontes de Oca, Irina
245 0 _aApuntes de diseño de interiores
264 _a[Bogotá, Colombia] :
_bEcoe Ediciones,
_c2016
300 _a148 páginas
650 _aArchitecture & Sculpture
856 _uhttps://public.digitaliapublishing.com/a/70468
942 _cCF
999 _c96216
_d96216